ပြည်တွင်းသောင်းကျန်းမှုသမိုင်း အပိုင်း(၃) / (Record no. 27103)

000 -LEADER
fixed length control field 01009nam a22001817a 4500
005 - DATE AND TIME OF LATEST TRANSACTION
control field 20260124091539.0
008 - FIXED-LENGTH DATA ELEMENTS--GENERAL INFORMATION
fixed length control field 230712b ||||| |||| 00| 0 eng d
040 ## - CATALOGING SOURCE
Transcribing agency SSBUL
Modifying agency SSBUL
082 ## - DEWEY DECIMAL CLASSIFICATION NUMBER
Edition number 23
Classification number ၉၅၉.၁ ရဲ ၁၆၁၀၅ (S-SAT)
100 ## - MAIN ENTRY--PERSONAL NAME
Personal name ရဲဘော်သစ်မောင်။
9 (RLIN) 27847
245 ## - TITLE STATEMENT
Title ပြည်တွင်းသောင်းကျန်းမှုသမိုင်း အပိုင်း(၃) /
Statement of responsibility, etc. ရဲ‌ဘော်သစ်မောင်။
260 ## - PUBLICATION, DISTRIBUTION, ETC.
Place of publication, distribution, etc. ရန်ကုန်၊
Name of publisher, distributor, etc. ကြေးမုံသတင်းစာတိုက်၊
Date of publication, distribution, etc. ၁၉၉၀။
300 ## - PHYSICAL DESCRIPTION
Extent ၁၉၀ စာမျက်နှာ၊
Other physical details ဓာတ်ပုံများ၊
Dimensions ၂၃ စင်တီ။
500 ## - GENERAL NOTE
General note S-SAT: Dr. Prof Sai Aung Tun
650 ## - SUBJECT ADDED ENTRY--TOPICAL TERM
Topical term or geographic name entry element နိုင်ငံရေးပါတီများ
Geographic subdivision မြန်မာနိုင်ငံ။
9 (RLIN) 27802
651 ## - SUBJECT ADDED ENTRY--GEOGRAPHIC NAME
Geographic name မြန်မာနိုင်ငံ
Form subdivision သမိုင်း။
9 (RLIN) 12387
942 ## - ADDED ENTRY ELEMENTS (KOHA)
Source of classification or shelving scheme
Koha item type Book (Short term)
Holdings
Withdrawn status Lost status Source of classification or shelving scheme Damaged status Not for loan Collection code Permanent Location Current Location Shelving location Date acquired Total Checkouts Full call number Barcode Date last seen Price effective from Koha item type Accession
          Special Collections Shan State Buddhist University Library Shan State Buddhist University Library Special Collection Shelves 12/07/2023   ၉၅၉.၁ ရဲ ၁၆၁၀၅ (S-SAT) MB00016105 12/07/2023 12/07/2023 Book (Short term) ၁၆၁၀၅ (S-SAT)

Library - 09407999929
Admin Office - 09407999979
Dean Office - 09250910768
Registrar Office - 09892297154
Email - [email protected]
Shan State Buddhist University, Phaya Phyu Taunggyi, Shan State, Myanmar.